|
|
|
|
| LEADER |
00000nab a2200000 a 4500 |
| 001 |
vtls008626312 |
| 003 |
SK-MaSNL |
| 005 |
20260303072432.0 |
| 008 |
060227c20060213xo ur| 0 0slo |
| 038 |
|
|
|a RVGKPD
|
| 040 |
|
|
|a RVGKPD
|b slo
|c RVGKPD
|e AACR2
|
| 041 |
|
|
|a slo
|
| 044 |
|
|
|a xo
|c SK
|
| 080 |
|
|
|a 911.374.4
|2 1997
|
| 100 |
1 |
|
|a Šutarová, Katarína
|4 aut
|9 1067287
|
| 245 |
1 |
0 |
|a Handtmann v Kechneci investuje miliardu
|c Katarína Šutarová
|
| 650 |
0 |
7 |
|a priemyselné parky
|2 rvgkpd
|9 29007
|
| 650 |
0 |
7 |
|a zahraničné investície
|2 rvgkpd
|9 2650
|
| 651 |
|
7 |
|a Kechnec (Slovensko)
|2 rvgkpd
|9 29464
|
| 651 |
|
7 |
|a Košice-okolie (Slovensko : okres)
|2 rvgkpd
|9 146743
|
| 773 |
0 |
|
|t Pravda
|g Roč. XVI, č. 36 (13.2.2006)
|x 1335-4051
|
| 773 |
0 |
|
|i [Príl.]
|t Ekonomika
|g (13.2.2006), s. 13
|
| 852 |
|
|
|a RVGKPD
|b KIS3G
|
| 992 |
|
|
|a RBX
|
| 999 |
|
|
|c 1763445
|d 1765375
|